تحميل...

Bajarvad aur jantantra/

التفاصيل البيبلوغرافية
المؤلف الرئيسي: Prafulla Kolkhyan
التنسيق: Printed Book
منشور في: Kolkatta: Aanand Prakashan, 2006.
LEADER 00358 a2200109 4500
100 |a Prafulla Kolkhyan 
245 |a Bajarvad aur jantantra/  |c Prafulla Kolkhyan 
260 |a Kolkatta:  |b Aanand Prakashan,  |c 2006. 
300 |a 215p. 
942 |2 ddc  |c BK 
999 |c 237094  |d 237094 
952 |0 0  |1 0  |4 0  |7 0  |9 263325  |a HIN  |b HIN  |c ST1  |d 2011-05-24  |i 21036  |l 0  |p HIN21036  |r 2014-02-07  |w 2014-02-07  |y BK